|
|
|
|
| LEADER |
01019nam a2200265 a 4500 |
| 001 |
14938799 |
| 008 |
121227s2009 pauab b 001 0 eng |
| 010 |
|
|
|a 2007030111
|
| 020 |
|
|
|a 9781416040026
|
| 020 |
|
|
|a 1416040021
|
| 040 |
|
|
|a DNLM/DLC
|c DLC
|d NLM
|d YDXCP
|d BAKER
|d BTCTA
|d UKM
|d C#P
|d BWX
|d DLC
|d BD-DhAAL.
|
| 082 |
0 |
0 |
|a 614.4
|2 22
|
| 100 |
1 |
|
|a Gordis, Leon,
|d 1934-
|
| 245 |
1 |
0 |
|a Epidemiology /
|c Leon Gordis.
|
| 250 |
|
|
|a 4th ed.
|
| 260 |
|
|
|a Philadelphia :
|b Elsevier/Saunders,
|c c2009.
|
| 300 |
|
|
|a xv, 375 p. :
|b ill. (chiefly col.), maps (chiefly col.) ;
|c 26 cm.
|
| 504 |
|
|
|a Includes bibliographical references and index.
|
| 541 |
|
|
|e 00026412
|
| 650 |
|
0 |
|a Epidemiology.
|
| 650 |
1 |
2 |
|a Epidemiology.
|
| 650 |
2 |
2 |
|a Epidemiologic Methods.
|
| 852 |
1 |
|
|a Ayesha Abed Library
|j General shelf.
|
| 999 |
|
|
|c 13051
|d 13051
|
| 952 |
|
|
|0 0
|1 0
|2 ddc
|4 0
|6 614_400000000000000_GOR
|7 0
|9 21683
|a BRACUL
|b BRACUL
|c GEN
|d 2012-12-27
|e Trim Education
|g 4740.00
|l 8
|m 48
|o 614.4 GOR
|p 3010026412
|r 2025-03-13
|s 2025-03-04
|t 1
|w 0000-00-00
|y BK
|x Available
|